Hektárové výnosy hlavních plodin v roce 1989.

Štatistické údaje o hektárových výnosoch hlavných plodín v r. 1989 v jednotlivých výrobných oblastiach. Hektárové výnosy obilnín, zemiakov, technickej cukrovky a repky na 1 ha v poľnohospodárstve celkom a v JRD.

Enregistré dans:
Détails bibliographiques
Format: Chapitre de livre
Langue:tchèque
Sujets:
Tags: Ajouter un tag
Pas de tags, Soyez le premier à ajouter un tag!

MARC

LEADER 00000naa a2200000 4500
001 r001508
005 20220819175135.6
041 0 |a cze 
044 |a [CS] 
245 1 0 |a Hektárové výnosy hlavních plodin v roce 1989. 
520 |a Štatistické údaje o hektárových výnosoch hlavných plodín v r. 1989 v jednotlivých výrobných oblastiach. Hektárové výnosy obilnín, zemiakov, technickej cukrovky a repky na 1 ha v poľnohospodárstve celkom a v JRD. 
610 2 0 |a výnosy hektárové 
610 2 0 |a 1989 
610 2 0 |a výroba rastlinná 
610 2 0 |a JRD 
610 2 0 |a údaje štatistické 
610 2 0 |a ČSFR